Safety of Uranium Fuel Fabrication Facilities : No SSG-6

Gespeichert in:
Bibliographische Detailangaben
Format: Buch
Sprache:Englisch
Veröffentlicht: Vienna : International Atomic Energy Agency, 2010
Schlagworte:
Tags: Tag hinzufügen
Keine Tags, Fügen Sie das erste Tag hinzu!

MARC

LEADER 00000nam a22000003a 4500
001 stu211066
005 20150408182756.4
008 100920s2008----au------------------eng-d
020 |a 978-92-0-104609-3 
040 |a STU  |b slo 
041 0 |a eng 
044 |a au 
080 |a 621.039 
080 |a 621.311 
245 |a Safety of Uranium Fuel Fabrication Facilities :  |b No SSG-6 
260 |a Vienna :  |b International Atomic Energy Agency,  |c 2010 
300 |a 58 s 
650 7 |a normy a predpisy  |2 stusub 
650 7 |a manipulácia s materiálom  |2 stusub 
650 7 |a urán  |2 stusub 
996 |b 284EK88442  |c E*88442  |l EE10  |s P  |a 0  |w stu211066_0001